00662nam a22002057a 450000500170000001000330001702000260005003500170007603500140009303700130010708200100012010000220013024501090015225000120026126000340027327000740030730000330038150000190041470000230043320170206115510.0 a1617EN ENG-116846  a9788131525913c575.00 aB-650662-673 aEN-100378 bBSBaDPL a658.1 aGriffin, Ricky W. aOrganizational behavior:cby Ricky W.Griffin [and] Gregory Moorheadbmanaging people and organizations / a11th ed aDelhibCengage Learningc2015 a418, F.i.E.,patparganjbDelhie110092k91 11 43641111l91 11 43641100 axxv, 598p.:c25cm(pbk)bill. aIncludes index aMoorhead, Gregory